00749nam a22002177a 450000500170000001000110001702000100002803500110003803700160004904000120006508200160007724500640009326000500015727000130020730000200022065000320024070000290027294200250030199900190032695201860034520170124110209.0 a195720 c00.00 a195720 bCen Lib/Ret aDPLbEN a677.03bFAI aFairchild's dictionary of textiles /cby Marks, Stepehen S. aNew YorkbFairchild child publications c1959 bNew York a627p.c22cm(Hb) aTextile vDictionary937876 aMarks, Stephen S.937877 2ddccENh677.03mMAR c133410d133410 04104070aLbLd2015-07-25eCen Lib/Retg0.00l0o677.03 FAIp195720r2015-07-25 00:00:00t1v0.00w2015-07-25yENzWritten off on approval by DLB (By Circulation); dtd 15-06-2023